000 00714nam a2200289Ia 4500
005 20260324112254.0
008 008 260324s9999 xx 000 0 eng d
020 _a9781032615714
037 _aEBOOK
040 _aCRL
040 _beng
040 _cCRL
041 _2eng
041 _aeng
084 _qCRL
100 _aKathleen Gallagher; Christine Balt
_91142000
245 0 _aGlobal Climate Education and Its Discontents
245 0 _bUsing Drama to Forge a New Way
260 _bTaylor and Francis
260 _c2024
365 _a
365 _b220
856 _uhttp://www.taylorfrancis.com/books/9781032615714
942 _cEBOOK
999 _c1731148
_d1731148